Most Empty Net Goals In NHL history - Statistics

General Stats
  • This quiz has been taken 22 times
  • The average score is 4 of 10
Answer Stats
Hint Answer % Correct
56 Gretzky
100%
64 Ovechkin
95%
36 Crosby
65%
33 Lemiuex
25%
38 Marchand
20%
31 Aho
15%
32 Iginla
15%
40 Hossa
10%
31 Wheeler
10%
33 Staal
5%
No matching quizzes found
Score Distribution
Percent of People with Each Score
Percentile by Number Answered
Your Score History
You have not taken this quiz